000 00387nam a2200157Ia 4500
008 210210b1950 xxu||||| |||| 00| 0 eng d
041 _aeng
082 _a824/282
100 _aSEN (Gupta S C)
245 _aShakespearean comedy
260 _aLondon
_bOxford University Press
_c1950
650 _aShakespearean
650 _acomedy
690 _aEnglish Criticism
906 _a014232
999 _c133363
_d133363